1098 1270 1393 1713 1948 1043 1098 1065 1019 1753 1570 1727 1666 1903 1530 1670 1142 1763 1797 1730 1167 1126 1453 1376 1872 1003 1369 1277 1433 1381 1803 1591 1992 1481 1830 1533 1985 1262 1852 1911 1768 1164 1644 1172 1622 1040 1605 1369 1986 1384 1062 1813 1578 1484 1714 1153 1308 1618 1760 1030 1343 1806 1702 1544 1026 1504 1847 1135 1391 1854 1012 1586 1324 1274 1994 1465 1375 1285 1446 1765 1758 1561 1585 1028 1314 1080 1889 1649 1870 1295 1227 1201 1030 1679 1316 1948 1712 1678 1204 BCNSPRNW ULIB Ver.6.0+V

เปลี่ยนเป็นภาษาไทย

Change to English
 แสดงรายละเอียดบรรณานุกรม
  กลับหน้าหลัก

Brief Record : Get Marc (ISO 2709) : E-mail record : QR code < ปิดหน้าต่าง
LEADER : 00000nam 2200000uu 4500
001    13399121331
003     ULIB
008    121115s2555||||th 000 0 tha d
020    ^a9789743652134
050  4 ^aPL4158^bว841ค
100    ^aวีระชาติ ศิรีไกรวัฒนาวงศ์
245    ^aเคล็ดวิชาภาษาไทย /^cวีระชาติ ศิรีไกรวัฒนาวงศ์
250    ^aพิมพ์ครั้งที่ 1
260    ^aกรุงเทพฯ :^bศูนย์หนังสือจุฬาลงกรณ์มหาวิทยาลัย.,^c2555
300    ^a278 หน้า;^b21 ซม.
650    ^aเคล็ดวิชาภาษาไทย
945    ^p150^l0^i19556
945    ^p150^l0^i19578
945    ^p150^l0^i19579
945    ^p150^l0^i19586
995    ^aกัณชพร
999    ^aกัณชพร
รายการนี้ยังไม่มีแท็ก
คุณยังไม่ได้ล็อกอิน คุณสามารถมีกิจกรรมร่วมกับเว็บไซต์ได้ แต่ต้องล็อกอินก่อน ::
  ล็อกอิน

รายการสื่อสารสนเทศ

ลำดับที่ ประเภท เลขเรียก/บาร์โค้ด สถานที่ สถานะ
1. วิทยาศาสตร์การแพทย์ และสุขภาพ
วิทยาศาสตร์การแพทย์ และสุขภาพ
PL4158 ว841ค  
  Barcode: 19556
ห้องสมุดวิทยาเขตสวรรค์ประชารักษ์
►หนังสือทั่วไป
บนชั้น
2. วิทยาศาสตร์การแพทย์ และสุขภาพ
วิทยาศาสตร์การแพทย์ และสุขภาพ
PL4158 ว841ค ฉ.2 
  Barcode: 19578
ห้องสมุดวิทยาเขตสวรรค์ประชารักษ์
►หนังสือทั่วไป
บนชั้น
3. วิทยาศาสตร์การแพทย์ และสุขภาพ
วิทยาศาสตร์การแพทย์ และสุขภาพ
PL4158 ว841ค ฉ.3 
  Barcode: 19579
ห้องสมุดวิทยาเขตสวรรค์ประชารักษ์
►หนังสือทั่วไป
บนชั้น
4. วิทยาศาสตร์การแพทย์ และสุขภาพ
วิทยาศาสตร์การแพทย์ และสุขภาพ
PL4158 ว841ค ฉ.4 
  Barcode: 19586
ห้องสมุดวิทยาเขตสวรรค์ประชารักษ์
►หนังสือทั่วไป
บนชั้น

รายการใกล้เคียง
    ผู้แต่ง [วีระชาติ ศิรีไกรวัฒนาวงศ์]

    หัวเรื่อง [เคล็ดวิชาภาษาไทย]

BibComment


ยังไม่เคยถูกคอมเมนท์

คอมเมนท์ทรัพยากรรายการนี้
  คอมเมนท์: เคล็ดวิชาภาษาไทย..


 Copyright 2026. Bcnsprnw @Library